All Sisak-Moslavina County settlements - Statistics

General Stats
  • This quiz has been taken 71 times
  • The average score is 65 of 455
Answers on the Map
Answers color-coded by a green-red scale on the quiz's map according to % correct below.
 
Answer Stats
Answer % Correct
Dvor
89%
Sisak
89%
Glina
78%
Kutina
78%
Petrinja
78%
Hrvatska Kostajnica
67%
Jasenovac
67%
Novska
67%
Zrin
67%
Čigoč
56%
Donji Kukuruzari
56%
Hrvatska Dubica
56%
Lipovljani
56%
Majur
56%
Sunja
56%
Topusko
56%
Blinja
44%
Blinjski Kut
44%
Budaševo
44%
Gornji Kukuruzari
44%
Greda
44%
Gvozdansko
44%
Lekenik
44%
Letovanić
44%
Lonja
44%
Martinska Ves
44%
Mošćenica
44%
Novo Selo
44%
Novo Selo Palanječko
44%
Odra Sisačka
44%
Pešćenica
44%
Popovac
44%
Popovača
44%
Prelošćica
44%
Šaš
44%
Staro Selo
44%
Stupno
44%
Topolovac
44%
Unčani
44%
Velika Ludina
44%
Volinja
44%
Žabno
44%
Bobovac
33%
Bok Palanječki
33%
Cerovljani
33%
Crnac
33%
Desni Dubrovčak
33%
Desno Trebarjevo
33%
Desno Željezno
33%
Donje Komarevo
33%
Gornje Komarevo
33%
Gušće
33%
Hrastelnica
33%
Hrastovica
33%
Klobučak
33%
Knezovljani
33%
Kratečko
33%
Lijevo Trebarjevo
33%
Madžari
33%
Mahovo
33%
Maja
33%
Matijevići
33%
Mečenčani
33%
Mužilovčica
33%
Novo Pračno
33%
Palanjek
33%
Sela
33%
Slabinja
33%
Staro Pračno
33%
Strelečko
33%
Taborište
33%
Umetić
33%
Voloder
33%
Vrginmost
33%
Bijelnik
22%
Bojna
22%
Brkiševina
22%
Bukovsko
22%
Cerje Letovanićko
22%
Četvrtkovac
22%
Čukur
22%
Donja Budičina
22%
Donja Jelenska
22%
Donje Taborište
22%
Donji Hrastovac
22%
Donji Vukojevac
22%
Dužica
22%
Dvorišće
22%
Gora
22%
Gornja Jelenska
22%
Gornje Taborište
22%
Gornji Hrastovac
22%
Gornji Vukojevac
22%
Graberje
22%
Graboštani
22%
Grabovac Banski
22%
Grabovica
22%
Greda Sunjska
22%
Jazvenik
22%
Jezero Posavsko
22%
Jovac
22%
Kinjačka
22%
Klinac
22%
Košutarica
22%
Kozibrod
22%
Krapje
22%
Kuljani
22%
Letovanci
22%
Lijeva Luka
22%
Lijevo Željezno
22%
Lukavec Posavski
22%
Majske Poljane
22%
Mala Gorica
22%
Marinbrod
22%
Mlaka
22%
Moštanica
22%
Mustafina Klada
22%
Nebojan
22%
Nova Drenčina
22%
Novi Farkašić
22%
Novo Selište
22%
Novo Selo Glinsko
22%
Pecki
22%
Perna
22%
Petrinjci
22%
Petrovec
22%
Potok
22%
Selište
22%
Šišinec
22%
Sjeverovac
22%
Slovinci
22%
Stara Drenčina
22%
Stari Brod
22%
Stari Farkašić
22%
Strašnik
22%
Strmen
22%
Stružec
22%
Suvoj
22%
Tišina Erdedska
22%
Tišina Kaptolska
22%
Uštica
22%
Velika Gradusa
22%
Veliko Svinjičko
22%
Višnjica
22%
Vratečko
22%
Vurot
22%
Zamlača
22%
Žažina
22%
Žirčica
22%
Živaja
22%
Baćin
11%
Bair
11%
Banova Jaruga
11%
Bestrma
11%
Bijele Vode
11%
Blatuša
11%
Borojevići
11%
Borovac
11%
Brđani Cesta
11%
Brest Pokupski
11%
Brežane Lekeničke
11%
Brezovac
11%
Brezovo Polje
11%
Čaire
11%
Cepeliš
11%
Čremušnica
11%
Crevarska Strana
11%
Crkveni Bok
11%
Čuntić
11%
Desni Degoj
11%
Divuša
11%
Donja Bačuga
11%
Donja Čemernica
11%
Donja Gračenica
11%
Donja Mlinoga
11%
Donja Oraovica
11%
Donja Velešnja
11%
Donja Vlahinička
11%
Donje Mokrice
11%
Donje Selište
11%
Donji Javoranj
11%
Donji Viduševac
11%
Donji Žirovac
11%
Dragotina
11%
Dragotinci
11%
Drenov Bok
11%
Drljača
11%
Dumače
11%
Gage
11%
Glinska Poljana
11%
Gornja Bačuga
11%
Gornja Čemernica
11%
Gornja Gračenica
11%
Gornja Mlinoga
11%
Gornja Oraovica
11%
Gornja Velešnja
11%
Gornja Vlahinička
11%
Gornje Mokrice
11%
Gornje Selište
11%
Gornji Javoranj
11%
Gornji Viduševac
11%
Gornji Žirovac
11%
Gređani
11%
Hađer
11%
Hrvatski Čuntić
11%
Hrvatsko Selo
11%
Husain
11%
Ivanjski Bok
11%
Jabukovac
11%
Jasenovčani
11%
Jazavica
11%
Jošavica
11%
Joševica
11%
Katoličke Čaire
11%
Katoličko Selišće
11%
Kihalac
11%
Kladari
11%
Kobiljak
11%
Komogovina
11%
Kotarani
11%
Kozaperovica
11%
Kozarac
11%
Kraljevčani
11%
Krivaj
11%
Kutinica
11%
Ljeskovac
11%
Ljubljanica
11%
Lovča
11%
Lovska
11%
Ludinica
11%
Mačkovo Selo
11%
Majdan
11%
Mala Gradusa
11%
Mala Ludina
11%
Mali Gradac
11%
Mali Obljaj
11%
Međurače
11%
Međurić
11%
Miočinovići
11%
Nova Subocka
11%
Novi Grabovac
11%
Okoli
11%
Osekovo
11%
Palanjek Pokupski
11%
Panjani
11%
Paukovac
11%
Pecka
11%
Pedalj
11%
Podbrđe
11%
Pokupsko Vratečko
11%
Poljana Lekenička
11%
Prekopa
11%
Prevršac
11%
Prnjavor Čuntićki
11%
Rajić
11%
Repušnica
11%
Rosulje
11%
Rujevac
11%
Šatornja
11%
Setuš
11%
Slana
11%
Slatina Pokupska
11%
Slavsko Polje
11%
Šljivovac
11%
Srednje Mokrice
11%
Stankovac
11%
Stara Subocka
11%
Stari Grabovac
11%
Staro Selo Topusko
11%
Staza
11%
Stubalj
11%
Tanac
11%
Trebež
11%
Utolica
11%
Vanići
11%
Vedro Polje
11%
Veliki Gradac
11%
Veliki Obljaj
11%
Vlahović
11%
Vorkapić
11%
Vrh Letovanićki
11%
Vukoševac
11%
Zaloj
11%
Žreme
11%
Zrinski Brđani
11%
Župić
11%
Babina Rijeka
0%
Balinac
0%
Bansko Vrpolje
0%
Batina
0%
Batinova Kosa
0%
Baturi
0%
Begovići
0%
Bišćanovo
0%
Bistrač
0%
Blinjska Greda
0%
Borovita
0%
Bović
0%
Brđani Kosa
0%
Brestača
0%
Brestik
0%
Brinjani
0%
Brnjavac
0%
Brnjeuška
0%
Bročice
0%
Brubno
0%
Buinja
0%
Buinjski Riječani
0%
Bukovica
0%
Buzeta
0%
Čapljani
0%
Čavlovica
0%
Ciglenica
0%
Ćore
0%
Crni Potok
0%
Dabrina
0%
Deanovići
0%
Dodoši
0%
Dolnjaki
0%
Donja Bučica
0%
Donja Letina
0%
Donja Pastuša
0%
Donja Stupnica
0%
Donja Trstenica
0%
Donje Jame
0%
Donji Bjelovac
0%
Donji Dobretin
0%
Donji Klasnić
0%
Donji Selkovac
0%
Draškovac
0%
Drenovac Banski
0%
Dugo Selo Lasinjsko
0%
Glavičani
0%
Gojlo
0%
Golinja
0%
Golubovac Divuški
0%
Gorička
0%
Gornja Bučica
0%
Gornja Letina
0%
Gornja Meminska
0%
Gornja Pastuša
0%
Gornja Stupnica
0%
Gornja Trstenica
0%
Gornje Jame
0%
Gornji Bjelovac
0%
Gornji Dobretin
0%
Gornji Klasnić
0%
Gornji Selkovac
0%
Grabričina
0%
Grabrov Potok
0%
Gračanica Šišinečka
0%
Gradusa Posavska
0%
Grmušani
0%
Hajtić
0%
Hrtić
0%
Ilova
0%
Ilovačak
0%
Jamarica
0%
Janja Lipa
0%
Javnica
0%
Javornik
0%
Katinovac
0%
Kepčije
0%
Kirin
0%
Kletište
0%
Komora
0%
Kompator
0%
Kosna
0%
Kostreši Bjelovački
0%
Kostreši Šaški
0%
Kostrići
0%
Kozarice
0%
Krajiška Kutinica
0%
Kraljeva Velika
0%
Kričke
0%
Krivaj Sunjski
0%
Križ Hrastovački
0%
Kutinska Slatina
0%
Ljubina
0%
Lotine
0%
Luščani
0%
Majski Trtnik
0%
Mala Paukova
0%
Mala Solina
0%
Mala Vranovina
0%
Malička
0%
Malo Krčevo
0%
Martinovići
0%
Mikleuška
0%
Mišinka
0%
Momčilovića Kosa
0%
Moslavačka Slatina
0%
Mračaj
0%
Novoselci
0%
Ostojići
0%
Ostrožin
0%
Paklenica
0%
Papići
0%
Petkovac
0%
Piljenice
0%
Pješčanica
0%
Plesmo
0%
Pobrđani
0%
Podgorje
0%
Ponikvari
0%
Prijeka
0%
Puska
0%
Rađenovci
0%
Radonja Luka
0%
Rajčići
0%
Rausovac
0%
Ravno Rašće
0%
Rogulje
0%
Roviška
0%
Roždanik
0%
Rudeži
0%
Ruškovica
0%
Šakanlije
0%
Šartovac
0%
Šaševa
0%
Šegestin
0%
Selišće Sunjsko
0%
Selište Kostajničko
0%
Sibić
0%
Šibine
0%
Sigetac
0%
Skela
0%
Sočanica
0%
Srednja Meminska
0%
Stanić Polje
0%
Stipan
0%
Stražbenica
0%
Struga Banska
0%
Stupovača
0%
Svinica
0%
Svračica
0%
Švrakarica
0%
Timarci
0%
Tremušnjak
0%
Trepča
0%
Trgovi
0%
Trnovac Glinski
0%
Trtnik Glinski
0%
Turčenica
0%
Udetin
0%
Velika Solina
0%
Velika Vranovina
0%
Veliki Šušnjar
0%
Veliko Krčevo
0%
Vidrenjak
0%
Voćarica
0%
Zakopa
0%
Zbjegovača
0%
Zrinska Draga
0%
Zut
0%
No matching quizzes found
Score Distribution
Percent of People with Each Score
Percentile by Number Answered
Your Score History
You have not taken this quiz